000 00428nam a2200169Ia 4500
003 GCL
008 140319s9999 xx 000 0 ara d
040 _aGCL /
_cGCL
082 0 4 _aط
_b813.02
_bد ب
100 1 _aدار الشروق
245 1 0 _aبطوط فى مغامرة صيد /
_cدار الشروق
300 _a12 ص
490 _a
650 0 4 _aالاطفال
650 0 4 _aقصص الاطفال
942 _2ddc
_cBK
999 _c46253
_d46253